000 00984nam a22003017a 4500
001 000395
003 DO-SdBNP
005 20180126104235.0
007 000395
008 151208b 1988 sp a ||||| |||| 00| 0 spa d
020 _a8440202768
040 _aBPMSU
_bspa
_cBPMSU
041 1 7 _aspa
_heng
092 _axxxxx
_bxxxxx
100 1 _aEnde, Michael,
_d1929-1995.
240 1 0 _aJim Knopf und Lukas der Lokomotivführer.
_lEspañol.
245 1 0 _aJim Botón y Lucas el maquinista /
_cMichael Ende ; ilustraciones F. J. Tripp ; traducción Adriana Motons de Malagrida.
260 _aBarcelona :
_bOrbis,
_c1988.
300 _a230 p. :
_bil. ;
_c20 cm.
490 1 _aBiblioteca juvenil Orbis
_v; 1
500 _aIncluye datos del autor.
700 1 2 _aMotons de Malagrida, Adriana,
_etr.
700 1 2 _aTripp, F.J.,
_eil.
830 0 _aBiblioteca juvenil Orbis
_n; 1
942 _2ddc
_cBK
945 _aInventariado, 2018 / BT
956 _aLPérez
_b10
_220160718
_3BPMSU
_600041
999 _c9044
_d9044